Rainfed lowland rice: Advances in nutrient management research
Saved in:
| Main Author: | |
|---|---|
| Format: | Book |
| Language: | Undetermined |
| Published: |
Los Banos, Philippines
IRRI
1998
|
| Subjects: | |
| Tags: |
Add Tag
No Tags, Be the first to tag this record!
|
| Institutions: | Trung tâm Học liệu Trường Đại học Cần Thơ |
|---|
| LEADER | 00528nam a2200181Ia 4500 | ||
|---|---|---|---|
| 001 | CTU_34082 | ||
| 008 | 210402s9999 xx 000 0 und d | ||
| 082 | |a 631 | ||
| 082 | |b I.54 | ||
| 100 | |a IRRI | ||
| 245 | 0 | |a Rainfed lowland rice: Advances in nutrient management research | |
| 245 | 0 | |c IRRI | |
| 260 | |a Los Banos, Philippines | ||
| 260 | |b IRRI | ||
| 260 | |c 1998 | ||
| 650 | |a fertilizers,plant-soil relationships,plants - nutrition | ||
| 904 | |i Minh, 991124 | ||
| 980 | |a Trung tâm Học liệu Trường Đại học Cần Thơ | ||